00597cam a2200181ua 45000010005000000080039000050200018000440400009000620410008000710820012000791000035000912450113001262600047002393000010002866530028002966530033003246530058003575361150210n ii |||gr||||Z||||||eng a81-85753-46-6 cMAIN aeng a823.954 aMukherjee, Meenakshi,eAuthor. aThe twice born fiction : bthemes and techniques of the Indian novel i English / cby Meenakshi Mukherjee .  aNew Delhi:bPencraft international,c2010. a215p. aIndian novel in English aIndian literature in English aThemes and techniques of Indian literature in English